| 000 | 00404nam a22001457a 4500 | ||
|---|---|---|---|
| 003 | OSt | ||
| 005 | 20260324143057.0 | ||
| 008 | 211118b ||||| |||| 00| 0 eng d | ||
| 040 | _cAIMIT LIBRARY | ||
| 100 |
_aShruthi; B, Santhosh. _d191836 _910589 |
||
| 245 | _aServeEaz / | ||
| 260 |
_aAmitzinfy Private Limited, Mangalore. _bSanthosh B. _c2021 |
||
| 856 | _uwww.marblecraftdubai.com | ||
| 942 |
_2ddc _cPRO |
||
| 999 |
_c220664 _d220664 |
||